Inazuma Eleven - Tous les joueurs ayant joué pour Raimon - Statistiques

Statistiques générales
  • Ce quiz a été pris 3 248 fois
    1 005 depuis la dernière actualisation
  • Le résultat moyen est 33 sur 66
Statistiques - réponses
Saison Joueur % Correct
Saison 1 Mark
99%
Saison 1 Axel
98%
Saison 1 Jude
97%
Saison 1 Jack
96%
Saison 1 Kevin
93%
Saison 1 Nathan
93%
Saison 2 Shawn
93%
Saison 1 Tod
91%
Saison 1 Sam
87%
Saison 1 Bobby
85%
Saison 1 Erik
85%
Saison 1 Jim
84%
Saison 2 Scotty
84%
Go Arion
83%
Saison 1 Steve
83%
Saison 1 Willy
82%
Saison 2 Darren
81%
Saison 2 Tori
81%
Saison 2 Hurley
80%
Saison 2 Sue
80%
Saison 1 Timmy
79%
Saison 2 Byron
77%
Go Victor
77%
Saison 1 Max
76%
Go Riccardo
75%
Go JP
70%
Go Gabriel
66%
Chrono Stone Fey
60%
Go Samguk
60%
Saison 3 Austin
59%
Chrono Stone Goldie
54%
Saison 2 Shadow
52%
Go Eugene
50%
Go Aitor
49%
Chrono Stone Sol
49%
Go Lucien
47%
Go Wanli
47%
Go Ryoma
46%
Go Adé
45%
Go Subaru
45%
Go Michael
44%
Chrono Stone Sor
44%
Go Doug
36%
Go Hugues
30%
Arès Sonny
28%
Go Shunsuke
26%
Arès Elliot
16%
Go Lars
16%
Go Sven
15%
Arès Sandra
11%
Chrono Stone Tasuke
11%
Arès Basile
10%
Arès Maxime
10%
Arès Valentin
8%
Chrono Stone Ryoma Sakamoto
7%
Arès Adriano
6%
Arès Trevor
6%
Arès Cliff
5%
Chrono Stone Gorota
5%
Arès Nino
5%
Arès Kiko
4%
Arès César
3%
Chrono Stone Lui Bei
3%
Chnoro Stone Shishimaru
3%
Chrono Stone Ichimasa
1%
Chrono Stone Jingo
1%
Aucun quiz correspondant
Distribution des résultats
% des personnes avec chaque résultat
Percentile par nombre de réponses
Votre historique - résultats
Vous n’avez pas pris ce quiz depuis la dernière actualisation